<?xml version="1.0" encoding="UTF-8"?>
<collection xmlns="http://www.loc.gov/MARC21/slim">
 <record>
  <leader>00925pamaa2200241   4500</leader>
  <controlfield tag="001">0000047574</controlfield>
  <controlfield tag="005">20130815090000.0</controlfield>
  <controlfield tag="008">100812                             eng  </controlfield>
  <datafield tag="020" ind1="0" ind2="0">
   <subfield code="a">7810106554 (pbk.) </subfield>
  </datafield>
  <datafield tag="090" ind1="0" ind2="0">
   <subfield code="a">RE48 </subfield>
   <subfield code="b">OPH 2002</subfield>
  </datafield>
  <datafield tag="240" ind1="0" ind2="0">
   <subfield code="a">Zhong Yi Yan Ke Xue</subfield>
  </datafield>
  <datafield tag="245" ind1="1" ind2="0">
   <subfield code="a">Ophthalmology of Traditional Chinese Medicine = </subfield>
   <subfield code="l">Zhong Yi Yan Ke Xue  </subfield>
   <subfield code="c">Compiler in Chief Ding Shuhua; </subfield>
   <subfield code="f">Translator in chief Zhang Dengfeng, Yang Mingshan.</subfield>
  </datafield>
  <datafield tag="250" ind1="0" ind2="0">
   <subfield code="a">1st ed.</subfield>
  </datafield>
  <datafield tag="260" ind1="0" ind2="0">
   <subfield code="a">Shanghai, China: </subfield>
   <subfield code="b">Publishing House of Shanghai University of Traditional Chinese Medicine, </subfield>
   <subfield code="c">2002.</subfield>
  </datafield>
  <datafield tag="300" ind1=" " ind2=" ">
   <subfield code="a">202p: </subfield>
   <subfield code="b">ill.; </subfield>
   <subfield code="c">26 cm.</subfield>
  </datafield>
  <datafield tag="500" ind1="0" ind2="0">
   <subfield code="a">A newly compiled practical English-Chinese library of traditional Chinese medicine</subfield>
  </datafield>
  <datafield tag="500" ind1="0" ind2="0">
   <subfield code="a">In Chinese - English</subfield>
  </datafield>
  <datafield tag="501" ind1="0" ind2="0">
   <subfield code="a">FMHS</subfield>
  </datafield>
  <datafield tag="650" ind1="0" ind2="0">
   <subfield code="a">Medicine, Chinese </subfield>
  </datafield>
  <datafield tag="650" ind1="0" ind2="0">
   <subfield code="a">Eye -- </subfield>
   <subfield code="x">Diseases -- </subfield>
   <subfield code="z">China </subfield>
  </datafield>
  <datafield tag="700" ind1="1" ind2="1">
   <subfield code="a">Shuhua, </subfield>
   <subfield code="h">Ding </subfield>
  </datafield>
  <datafield tag="700" ind1="1" ind2="1">
   <subfield code="a">Dengfeng, </subfield>
   <subfield code="h">Zhang </subfield>
  </datafield>
  <datafield tag="700" ind1="1" ind2="1">
   <subfield code="a">Mingshan, </subfield>
   <subfield code="h">Yang </subfield>
  </datafield>
 </record>
</collection>
